Electoral Vote Receivers Quiz Stats

Quiz not verified by Sporcle

Challenge
Share
Tweet
Embed
Score 0/50 Timer 20:00
0 Plays Today
Total Electoral Count Candidate % Correct
2003Franklin D. Roosevelt (1920, 1932, 1923, 1940, 1944)
98.4%
716Theodore Roosevelt (1900, 1904, 1912)
98.4%
789Lyndon B. Johnson (1960, 1964)
97.7%
1608George H. W. Bush (1980, 1984, 1988, 1992)
97.3%
557George W. Bush (2000, 2004)
97.3%
1939Richard Nixon (1952, 1956, 1960, 1968, 1972)
97.3%
341George Clinton (1789, 1792, 1796, 1804, 1808)
96.5%
1015Ronald Reagan (1976, 1980, 1984)
96.5%
712Woodrow Wilson (1912, 1916)
96.1%
749Bill Clinton (1992, 1996)
96.1%
392Abraham Lincoln (1860, 1864)
96.1%
899Dwight D. Eisenhower (1952, 1956)
95.7%
735Harry S. Truman (1944, 1948)
95.3%
346Jimmy Carter (1976, 1980)
94.9%
664Grover Cleveland (1884, 1888, 1892)
94.5%
786Calvin Coolidge (1920, 1924)
94.5%
1015Al Gore (1992, 1996, 2000)
94.5%
500Ulysses S. Grant (1868, 1872)
94.5%
307William Henry Harrison (1836, 1840)
94.5%
563William McKinley (1896, 1900)
94.5%
503Herbert Hoover (1928, 1932)
94.1%
307Thomas Jefferson (1792, 1796, 1800, 1804)
94.1%
417James Monroe (1808, 1816, 1820)
94.1%
697Barack Obama (2008, 2012)
94.1%
378Benjamin Harrison (1888, 1892)
93.8%
Total Electoral Count Candidate % Correct
509Andrew Jackson (1824, 1828, 1832)
93.8%
329William Howard Taft (1908, 1912)
93.4%
303John F. Kennedy (1960)
93%
404Warren G. Harding (1920)
92.6%
428Martin Van Buren (1824, 1832, 1836, 1840)
92.2%
677Hubert Humphrey (1964, 1968)
91.8%
821Spiro Agnew (1968, 1972)
91.4%
359Walter Mondale (1976, 1980, 1984)
91.4%
432Adlai E. Stevenson (I) (1892, 1900)
91%
400Bob Dole (1976, 1996)
89.8%
594Dan Quayle (1988, 1992)
89.5%
697Joe Biden (2008, 2012)
89.1%
449Henry A. Wallace (1940)
89.1%
493William Jennings Bryan (1896, 1900, 1908)
88.3%
557Dick Cheney (2000, 2004)
88.3%
995John Nance Garner (1932, 1936)
85.5%
353John C. Calhoun (1824, 1828)
84.4%
712Thomas R. Marshall (1912, 1916)
82.4%
303Alben W. Barkley (1948)
79.7%
503Charles Curtis (1928, 1932)
77.3%
382Charles G. Dawes (1924)
77%
590Charles W. Fairbanks (1904, 1916)
77%
321James S. Sherman (1908)
75.8%
401Daniel D. Tompkins (1816, 1820)
73.8%
445Thomas A. Hendricks (1872, 1876, 1884)
73%

You're not logged in!

Compare scores with friends on all Sporcle quizzes.
Sign Up with Email
OR
Log In

You Might Also Like...

Show Comments

Extras

Top Quizzes Today


Score Distribution

Your Account Isn't Verified!

In order to create a playlist on Sporcle, you need to verify the email address you used during registration. Go to your Sporcle Settings to finish the process.